000 00906nac a22002777a 4500
001 BR8108550
003 BR-BrBNA
005 20240105115152.0
008 230509b bl.|||m| |||| 00| 0 por d
040 _aBR-BrBNA
_bpor
_cBiblioteca Nacional de Agricultura
072 _aK50
090 _a8915 BR8108550
100 1 _aLelles, J.G. de
100 1 _aValente, O.F.
110 1 _aUniversidade Federal de Vicosa, MG (Brasil). Conselho de Extensao
_910969
245 1 _aProcesso pratico para aumentar a durabilidade de mouroes de madeira para cercas
260 3 _aVicosa, MG (Brasil):
_c1981.
300 _a8 p.
490 _aInforme Tecnico - Universidade Federal de Vicosa. Conselho de Extensao (Brazil)
_vno. 20
_x
650 _aMADEIRA
650 _aPRESERVACAO DA MADEIRA
650 _aMOURAO
650 _aCERCA
909 _a202312
_bLúcia Elande
_c55
_dLúcia Elande
942 _2AGRIS
_n0
_cMS
999 _c273446
_d273446